20 Centuries of great preaching: (Record no. 1885)

000 -LEADER
fixed length control field 00707nam a2200205 a 4500
001 - CONTROL NUMBER
control field :::00018151$&:&@@
003 - CONTROL NUMBER IDENTIFIER
control field OkBaRHE
005 - DATE AND TIME OF LATEST TRANSACTION
control field 20100327132501.0
008 - FIXED-LENGTH DATA ELEMENTS--GENERAL INFORMATION
fixed length control field s1971 j 000 0 eng u
040 ## - CATALOGING SOURCE
Transcribing agency
100 1# - MAIN ENTRY--PERSONAL NAME
Personal name Fant, Clyde E.,
245 10 - TITLE STATEMENT
Title 20 Centuries of great preaching:
Remainder of title an encyclopedia of preaching; vol. 13.
Statement of responsibility, etc Donald E. Hammer, research associate.
260 ## - PUBLICATION, DISTRIBUTION, ETC. (IMPRINT)
Place of publication, distribution, etc Waco, TX., :
Name of publisher, distributor, etc Word Books
Date of publication, distribution, etc 1971
300 ## - PHYSICAL DESCRIPTION
Extent v. (1-13) : illus. ;
Dimensions 24 cm.
650 ## - SUBJECT ADDED ENTRY--TOPICAL TERM
Topical term or geographic name as entry element Preaching
General subdivision History
650 ## - SUBJECT ADDED ENTRY--TOPICAL TERM
Topical term or geographic name as entry element Sermons
700 ## - ADDED ENTRY--PERSONAL NAME
Personal name Pinson, William M., Joint comp.
942 ## - ADDED ENTRY ELEMENTS (KOHA)
Source of classification or shelving scheme
Koha item type Books
Copies
Date acquired Withdrawn status Source of classification or shelving scheme Copy number Not for loan Collection code Barcode Damaged status Shelving location Koha item type Permanent Location Price effective from Date last seen Lost status Full call number
2010-04-14  1 Reference18151 General StacksBooksRHEMA Bible Training College2010-04-142010-04-14 BV 4241 .F34 V.13